Statistics for Lana Del Rey - Dark But Just a Game Lyrics

Click here to take the quiz!

General Stats

  • This quiz has been taken 21 times
    (19 since last reset)
  • The average score is 263 of 307

Answer Stats

Answer% Correct
A
100%
a
100%
and
100%
And
100%
be
100%
but
100%
(But
100%
But
100%
dark
100%
game"
100%
game
100%
he
100%
I
100%
I'm
100%
it
100%
it)
100%
It's
100%
it's
100%
"It's
100%
Just
100%
just-
100%
just
100%
me
100%
say
100%
That's
100%
that's
100%
The
100%
the
100%
to
100%
what
100%
would
100%
all
92%
baby)
92%
baby
92%
go
92%
is
92%
know
92%
like
92%
No
92%
not
92%
play
92%
same
92%
So
92%
this
92%
time
92%
You
92%
you
92%
aren't
83%
best
83%
crazy
83%
Don't
83%
end
83%
exceptions
83%
faces
83%
fame
83%
for
83%
love's
83%
nothing
83%
of
83%
our
83%
price
83%
sweet
83%
(Sweet
83%
symphony
83%
take
83%
their
83%
them
83%
they
83%
think
83%
tragically
83%
way
83%
We
83%
We're
83%
whatever
83%
what's
83%
you'd
83%
around
75%
as
75%
both
75%
change
75%
changing
75%
ever
75%
fuck
75%
gonna
75%
got
75%
I'll
75%
in
75%
keep
75%
left
75%
Life
75%
life
75%
lost
75%
lot
75%
making
75%
minds
75%
mine
75%
Much
75%
on
75%
one
75%
ones
75%
out
75%
parking
75%
stay
75%
stories
75%
thing
75%
walk
75%
While
75%
while
75%
whole
75%
world
75%
came
67%
down
67%
from
67%
getting
67%
God
67%
gotta
67%
high
67%
less
67%
little
67%
old
67%
or
67%
pretty
67%
rose
67%
rule
67%
sing
67%
want
67%
even
58%
fool
58%
loved
58%
pain
58%
tale
58%
vines
58%
either
50%
infamy
50%
was
50%
they'll
42%

Score Distribution

Percentile by Number Answered

Percent of People with Each Score

Your Score History

You have not taken this quiz since the last reset